Capital cities beginning with R - Statistics

General Stats
  • This quiz has been taken 110 times
  • The average score is 5 of 6
Answer Stats
Answer % Correct
Rabat
90%
Riga
87%
Rome
87%
Riyadh
81%
Reykjavik
73%
Roseau
69%
No matching quizzes found
Score Distribution
Percent of People with Each Score
Percentile by Number Answered
Your Score History
You have not taken this quiz